000 00535nam a22002177a 4500
003 UA-OsUOA
001 41591
007 ta
008 20080921b un ||||| |||| 00| 0 ukr d
090 _a281.9
_bС24
942 _cBR
040 _aUA-OsUOA
_bukr
_cUA-OsUOA
_dUA-OsUOA
245 _aСв. Володимира УПЦ.
300 _a46 с.
955 _a4
041 _aukr
080 _a281.9
260 _aКалгарі
650 7 _a281.9 Східна православна церква і скопці
_2UDC
999 _c440092
_d440092